Loading...
Crop production and management
| Main Author: | |
|---|---|
| Format: | Printed Book |
| Language: | Undetermined English |
| Published: |
New Delhi
Oxford & IBH publishing co. pvt. ltd
1978
|
| Subjects: |
| LEADER | 00557nam a2200169Ia 4500 | ||
|---|---|---|---|
| 008 | 140306s9999 xx 000 0 und d | ||
| 041 | |a eng | ||
| 082 | |a 631.5 |b MOR | ||
| 100 | |a Morachan, Y B | ||
| 245 | |a Crop production and management | ||
| 260 | |a New Delhi |b Oxford & IBH publishing co. pvt. ltd |c 1978 | ||
| 300 | |a 267 | ||
| 650 | |a crop management | ||
| 650 | |a Crop production | ||
| 942 | |2 ddc |c BK | ||
| 999 | |c 53074 |d 53074 | ||
| 952 | |0 0 |1 0 |2 ddc |4 0 |6 631_500000000000000_MOR |7 0 |9 69398 |a KAUACV |b KAUACV |d 2004-05-17 |o 631.5 MOR |p KAU_ACV-24558 |r 2014-03-22 |w 2014-03-22 |y BK | ||